00461nam a22001457a 450000500170000000800410001702000150005804100130007308200130008610000130009924500910011226000570020330000300026065000250029020231212061946.0231212b |||||||| |||| 00| 0 eng d a409005916  aEnglish  a348 SOU  lEnglish  aThe South African Encyclopedia of Forms and Precedents : b1971 Cumulative Supplement  aDurban : bButterworth and Company (Pty) Ltd, c1971 bxx, 148 pages ; c25 cm.  aLegal practice bLaw